Responses for show #3338 - Wednesday, February 24, 1999

1999-A Teen Tournament quarterfinal game 3.

Contestants

Oliver Longwell, a junior from Sag Harbor, New York

Joan Williams, a senior from Chicago, Illinois

Brian Dunlap, a senior from Scotts Valley, California

Jeopardy! Round responses

CLIMB IT
WHEN THEY WERE YOUNG
FLASHCARDS: THE ELEMENTS
(Alex: You have to identify the element.)
GAMES PEOPLE PLAY
(Alex: Like Jeopardy!)
HERE COMES COLLEGE
THE DREADED SPELLING CATEGORY
(Alex: I'll give you the word; you have to spell it.)
    $100 7
(Joan: What is Mount Fiji?)

Mount Fuji

JoanOliver
    $100 17
Cuba Gooding, Jr.

Joan
    $100 1
(Joan: What is zircon?)

zinc

JoanOliver
    $100 22
(Oliver: What is Wheel of Fortune?)
(Brian: What is tennis?)

Scrabble

BrianOliver
Triple Stumper
    $100 14
a freshman

Joan
    $100 6
(Joan: What is U-T-I-L-I-T-A-R-I-A-N-I-S-M?)
...
(Alex: You added an extra syllable.)

U-T-I-L-I-T-A-R-I-A-N

BrianJoan
    $200 8
El Capitan

Brian
    $200 18
J. Edgar Hoover

Oliver
    $200 2
iron

Joan
    $200 23
Dungeons & Dragons

Oliver
    $200 30
a dormitory

Oliver
    $200 12
F-U-N-D-A-M-E-N-T-A-L-I-S-M

Joan
    $300 9
Himalayas

Oliver
    $300 19
Mick Jagger

Joan
    $300 3
iodine

Brian
    $300 24
(Oliver: What is a drinking game?)
...
(Alex: Minute to go.)

darts

BrianOliver
    $300 29
commencement

Oliver
    $300 13
N-E-M-E-S-I-S

Oliver
    $400 10
Mont Blanc

Oliver
    $400 20
Sylvester Stallone

Brian
    $400 4
krypton

Oliver
    $400 26
Chance & Community Chest

Brian
    $400 28
semesters

Joan
    $400 15
I-R-I-D-E-S-C-E-N-T

Joan
    $500 11
Tetons

Joan
    $500 21
Nelson Mandela

Brian
    $500 5
silver (argentum)

Joan
    $800 25
(Brian: What is craps?)

Yahtzee

Brian
    $500 27
National Collegiate Athletic Association

Oliver
    $500 16
D-E-N-O-U-E-M-E-N-T

Joan

Scores at the first commercial break (after clue 15):

Brian Joan Oliver
$600 $1,600 $1,600

Scores at the end of the Jeopardy! Round:

Brian Joan Oliver
$1,300 $2,900 $2,600

Double Jeopardy! Round responses

CLIMATE
(Alex: Correctly spelled this time.)
TOUGH CAPITALS
POP MUSIC
KIDDY LIT
ART & ARTISTS
IN THE TEENS
    $200 26
droughts

Joan
    $200 8
Romania

Joan
    $200 1
Alanis Morissette

Brian
    $200 13
Dr. Seuss

Triple Stumper
    $200 3
(Joan: Who is Grant Wood?)

American Gothic

JoanOliver
    $200 21
(Oliver: What is 35 mm?)

16 mm

Oliver
Triple Stumper
    $1,000 27
(Joan: What were the '70s?)

the 1990s

Joan
    $400 9
Ukraine

Oliver
    $400 2
Lauryn Hill

Joan
    $400 17
Judy Blume

Joan
    $400 4
Auguste Rodin

Joan
    $400 22
an 18-wheeler

Brian
    $600 28
(Joan: What is the "Sun Belt?")

"Tornado Alley"

BrianJoan
    $600 10
Morocco

Joan
    $600 14
Barenaked Ladies

Joan
    $600 18
Maurice Sendak

Triple Stumper
    $600 5
Georgia O'Keeffe

Oliver
    $600 23
carbon-14

Oliver
    $800 30
the Philippines

Joan
    $800 11
Saudi Arabia

Oliver
    $800 15
Eagle-Eye Cherry

Joan
    $600 19
(Joan: What is The Night That Was Never Christmas?)

The Polar Express

Joan
    $800 6
(Brian: Who was John Muir?)
(Joan: Who was Borghum?)

Ansel Adams

BrianJoanOliver
    $800 24
17

Brian
    $1000 29
cycles

Joan
    $1000 12
Paraguay

Joan
    $1000 16
(Oliver: Who is Brian Seitzer?)

Brian Setzer

Oliver
Triple Stumper
    $1000 20
Amelia Bedelia

Joan
    $1000 7
Pierre-Auguste Renoir

Joan
    $1000 25
(Brian: Who is Louis XIV?)
(Joan: Who is Louis XVI?)
...
(Alex: Minute to go.)

Louis XV

BrianJoan
Triple Stumper

Scores at the end of the Double Jeopardy! Round:

Brian Joan Oliver
$1,500 $7,100 $4,800

Final Jeopardy! Round responses

LANDMARKS
(Alex: This Final Jeopardy! is a video clue.)
BrianWhat is the Washington Monument?
$1,500
OliverWhat is the Washington Monument?
$4,800
JoanWhat is the Sears Tower?
$1,550
the Washington Monument

Final scores:

Brian Joan Oliver
$3,000 $5,550 $9,600
3rd place: $2,500 if eliminated 2nd place: $2,500 if eliminated Automatic semifinalist

Game dynamics:

Coryat scores:

Brian Joan Oliver
$2,300 $8,700 $4,800
11 R,
4 W
(including 1 DD)
23 R,
9 W
(including 2 DDs)
17 R,
4 W

Combined Coryat: $15,800

The J! Archive is created by fans, for fans. The Jeopardy! game show and all elements thereof, including but not limited to copyright and trademark thereto, are the property of Jeopardy Productions, Inc. and are protected under law. This website is not affiliated with, sponsored by, or operated by Jeopardy Productions, Inc. Join the discussion at JBoard.tv.